[Event "FIDE WCCC Open-08 2024"]
[Site "Montesilvano"]
[Date "2024.11.24"]
[Round "9.10"]
[White "Singh, Ian Avery"]
[Black "Nguyen Phuc Cao Danh"]
[Result "1/2-1/2"]
[WhiteElo "1713"]
[BlackElo "1627"]
[Annotator "NA RC"]
[PlyCount "137"]
[EventDate "2024.11.18"]
[EventType "swiss"]
[EventCountry "ITA"]
[SourceTitle "playchess.com"]
[Source "ChessBase"]
[SourceQuality "1"]

1. e4 c5 2. Nf3 Nc6 3. d4 cxd4 4. Nxd4 g6 5. c4 Bg7 6. Be3 Nf6 7. Nc3 d6 8. Be2 O-O 9. O-O Bd7 10. Qd2 Ne5 11. f3 Rc8 12. b3 Ne8 13. Rac1 Nc7 14. Rfd1 Ne6 15. Nxe6 Bxe6 16. Qe1 b6 17. h3 Nd7 18. Qf2 f5 19. exf5 Bxf5 20. Nb5 Bb2 21. Nxa7 Ra8 22. Nc6 Qe8 23. Qh4 Nf6 24. Nb4 Ba3 25. Nd3 Bxd3 26. Bxd3 Bxc1 27. Rxc1 Rxa2 28. Qd4 e5 29. Qxd6 Qd7 30. Qxd7 Nxd7 31. Be4 Rb8 32. b4 Nf6 33. Bc6 Rd8 34. c5 bxc5 35. bxc5 Rb8 36. f4 e4 37. Bd4 Kf7 38. Be5 Rd8 39. Bb5 Ra5 40. Bc7 Rxb5 41. Bxd8 Rb8 42. Bxf6 Kxf6 43. Kf2 Kf5 44. g3 Rb2+ 45. Ke3 Rb3+ 46. Kd4 Rxg3 47. c6 Rd3+ 48. Kc4 Rd8 49. c7 Rc8 50. Kd4 Kxf4 51. Rf1+ Kg3 52. Rf7 h5 53. Kxe4 Kxh3 54. Kf4 Kh4 55. Kf3 g5 56. Rd7 Kh3 57. Kf2 g4 58. Kg1 g3 59. Re7 Ra8 60. Re1 Rf8 61. Rd1 Rc8 62. Rc1 h4 63. Kh1 Kg4 64. Kg1 Kf3 65. Rc3+ Kg4 66. Rc1 h3 67. Rc4+ Kg5 68. Rc5+ Kf6 69. Rc3 1/2-1/2

[Event "FIDE WCCC Open-08 2024"]
[Site "Montesilvano"]
[Date "2024.11.24"]
[Round "9.11"]
[White "Vo, Daniel"]
[Black "Nurshin, Nurali"]
[Result "0-1"]
[WhiteElo "1711"]
[BlackElo "1612"]
[Annotator "NA RC"]
[PlyCount "82"]
[EventDate "2024.11.18"]
[EventType "swiss"]
[EventCountry "ITA"]
[SourceTitle "playchess.com"]
[Source "ChessBase"]
[SourceQuality "1"]

1. e4 c5 2. Nf3 d6 3. c3 Nf6 4. h3 Bd7 5. Bd3 Bc6 6. Qe2 e6 7. O-O Be7 8. Bc2 O-O 9. d4 Nbd7 10. Rd1 b5 11. Bf4 Re8 12. Bh2 Qb6 13. Nbd2 Rad8 14. e5 dxe5 15. dxe5 Nd5 16. Ne4 f5 17. Nd6 Bxd6 18. exd6 N7f6 19. Ne5 Qb7 20. Nxc6 Qxc6 21. a4 c4 22. axb5 Qc5 23. Rd4 e5 24. Qxc4 Qxd6 25. Bxf5 g6 26. Bc2 Kh8 27. Rdd1 Qe7 28. Qa4 e4 29. Qxa7 Rd7 30. Qa3 Qe6 31. c4 e3 32. Bg3 exf2+ 33. Bxf2 Nf4 34. Rxd7 Qxd7 35. Rd1 Qf7 36. c5 Re2 37. Qb3 Qe8 38. Bd3 Re3 39. b6 Qc6 40. Be4 Qxe4 41. Rd8+ Kg7 0-1

[Event "FIDE WCCC Open-08 2024"]
[Site "Montesilvano"]
[Date "2024.11.24"]
[Round "9.12"]
[White "Kavish Palaniappan K"]
[Black "Kapitanski, Furion"]
[Result "1-0"]
[WhiteElo "1589"]
[BlackElo "1707"]
[Annotator "NA RC"]
[PlyCount "67"]
[EventDate "2024.11.18"]
[EventType "swiss"]
[EventCountry "ITA"]
[SourceTitle "playchess.com"]
[Source "ChessBase"]
[SourceQuality "1"]

1. e4 e5 2. Nf3 Nc6 3. Bc4 Nf6 4. d3 Bc5 5. c3 d6 6. O-O O-O 7. Nbd2 a6 8. a4 Be6 9. Re1 Ba7 10. Bb3 Ne7 11. Nf1 Ng6 12. Ng3 c6 13. d4 Bg4 14. h3 Bxf3 15. Qxf3 exd4 16. Bg5 Ne5 17. Qf5 h6 18. cxd4 Bxd4 19. Rad1 Bxf2+ 20. Qxf2 hxg5 21. Nf5 Qc7 22. Qg3 Nh7 23. Nxd6 Ng6 24. e5 Qb6+ 25. Kh1 Nf4 26. h4 gxh4 27. Qxf4 Qxb3 28. Qxh4 b5 29. Rd4 Qe6 30. Kg1 f6 31. Rd3 fxe5 32. Rh3 Qg6 33. Rxe5 Qc2 34. Nf5 1-0

[Event "FIDE WCCC Open-08 2024"]
[Site "Montesilvano"]
[Date "2024.11.24"]
[Round "9.13"]
[White "Su, Milo"]
[Black "Jevglevski, Lev"]
[Result "0-1"]
[WhiteElo "1696"]
[BlackElo "1602"]
[Annotator "NA RC"]
[PlyCount "78"]
[EventDate "2024.11.18"]
[EventType "swiss"]
[EventCountry "ITA"]
[SourceTitle "playchess.com"]
[Source "ChessBase"]
[SourceQuality "1"]

1. e4 e6 2. d4 d5 3. e5 c5 4. c3 Qb6 5. Nf3 Nc6 6. Bd3 cxd4 7. O-O Bd7 8. Re1 a5 9. h4 Bc5 10. Rf1 Nge7 11. a3 h6 12. h5 f6 13. exf6 gxf6 14. Bg6+ Nxg6 15. hxg6 Kf8 16. Nh4 Kg7 17. Qh5 Be8 18. g3 Ne7 19. Kg2 Nxg6 20. Nxg6 Bxg6 21. Qh4 dxc3 22. Nxc3 d4 23. Ne2 e5 24. f3 Qb5 25. Re1 Rad8 26. a4 Qa6 27. Bd2 Bb4 28. Bxb4 axb4 29. b3 d3 30. Ng1 d2 31. Rf1 Rd4 32. f4 Bc2 33. Qg4+ Kh7 34. Qh5 Qe6 35. f5 Qe8 36. Qe2 Bd3 37. Qf2 Bxf1+ 38. Qxf1 Qh5 39. Nf3 Rd7 0-1

[Event "FIDE WCCC Open-08 2024"]
[Site "Montesilvano"]
[Date "2024.11.24"]
[Round "9.14"]
[White "Morozov, Arkhip"]
[Black "Muratshin, Ramazan"]
[Result "1-0"]
[WhiteElo "1687"]
[BlackElo "1597"]
[Annotator "NA RC"]
[PlyCount "103"]
[EventDate "2024.11.18"]
[EventType "swiss"]
[EventCountry "ITA"]
[SourceTitle "playchess.com"]
[Source "ChessBase"]
[SourceQuality "1"]

1. c4 Nf6 2. Nc3 c5 3. Nf3 d5 4. cxd5 Nxd5 5. d4 cxd4 6. Qxd4 e6 7. Nxd5 exd5 8. e3 Nc6 9. Qd1 Bd6 10. Bd2 O-O 11. Bc3 Be6 12. Be2 Rc8 13. O-O Bf5 14. Nd4 Nxd4 15. Qxd4 Qg5 16. Qxd5 Rfd8 17. Qf3 Re8 18. Qh5 Qxh5 19. Bxh5 Be5 20. Bxe5 Rxe5 21. Rfc1 Rec5 22. Rxc5 Rxc5 23. Bd1 g6 24. Kf1 Bc2 25. Ke1 Be4 26. f3 Bc6 27. Bb3 a5 28. a4 Kg7 29. Kd2 Rg5 30. g3 Bxf3 31. Rf1 Bd5 32. Bxd5 Rxd5+ 33. Kc3 Rc5+ 34. Kd3 Rd5+ 35. Kc3 f5 36. Rf4 Kf6 37. b4 Ke6 38. bxa5 Rxa5 39. Rb4 Rc5+ 40. Kd3 Rd5+ 41. Kc4 Rd7 42. Kc5 Ke5 43. Kb6 g5 44. a5 Rf7 45. Ka7 b5+ 46. Kb6 h5 47. a6 Rf6+ 48. Kxb5 Rf7 49. Ra4 Ra7 50. Kb6 Rd7 51. a7 Rd6+ 52. Kc7 1-0

[Event "FIDE WCCC Open-08 2024"]
[Site "Montesilvano"]
[Date "2024.11.24"]
[Round "9.15"]
[White "Charyyev Charyhekim"]
[Black "Czachurski, Ignacy"]
[Result "1-0"]
[WhiteElo "1589"]
[BlackElo "1672"]
[Annotator "NA RC"]
[PlyCount "127"]
[EventDate "2024.11.18"]
[EventType "swiss"]
[EventCountry "ITA"]
[SourceTitle "playchess.com"]
[Source "ChessBase"]
[SourceQuality "1"]

1. e4 c5 2. Nf3 e6 3. Nc3 Nc6 4. d3 Nf6 5. Be2 d5 6. O-O d4 7. Nb1 a6 8. a4 Bd6 9. Na3 Bc7 10. Bd2 h6 11. Nc4 g5 12. Ne1 Ne5 13. Nxe5 Bxe5 14. f4 gxf4 15. Bxf4 Bxf4 16. Rxf4 e5 17. Rf2 Be6 18. h3 Nd7 19. Nf3 Rg8 20. Kh1 Qf6 21. Qf1 Qg7 22. Nh4 O-O-O 23. Nf5 Bxf5 24. Rxf5 Rdf8 25. Bh5 f6 26. g4 Qh7 27. h4 Kb8 28. Qf3 Rc8 29. b3 Qe7 30. Rf1 Qd6 31. Qe2 Qb6 32. R1f2 Qb4 33. Bf7 Rg7 34. Be6 b5 35. axb5 axb5 36. Rxf6 Nxf6 37. Bxc8 Qa3 38. Rxf6 Qc1+ 39. Rf1 Qb2 40. Ba6 c4 41. bxc4 h5 42. g5 Qa3 43. Bxb5 Qe7 44. Qf3 Kc7 45. Qf6 Qxf6 46. Rxf6 Kd8 47. Rf5 Ke7 48. Rxe5+ Kf7 49. g6+ Kf6 50. Rf5+ Ke6 51. Be8 Ra7 52. Rf7 Ra1+ 53. Kg2 Rd1 54. g7 Rd2+ 55. Rf2 Rd1 56. g8=Q+ Kd6 57. Rf6+ Kc5 58. Qd5+ Kb4 59. Rb6+ Kc3 60. Qa5+ Kxc2 61. Qa4+ Kd2 62. Rb2+ Ke1 63. Qb4+ Rd2+ 64. Qxd2# 1-0

[Event "FIDE WCCC Open-08 2024"]
[Site "Montesilvano"]
[Date "2024.11.24"]
[Round "9.16"]
[White "Bausys, Benas"]
[Black "Zhu, Daniel"]
[Result "0-1"]
[WhiteElo "1564"]
[BlackElo "2050"]
[Annotator "NA RC"]
[PlyCount "144"]
[EventDate "2024.11.18"]
[EventType "swiss"]
[EventCountry "ITA"]
[SourceTitle "playchess.com"]
[Source "ChessBase"]
[SourceQuality "1"]

1. Nf3 Nf6 2. d4 e6 3. e3 b6 4. Bd3 Bb7 5. Nbd2 c5 6. b3 Be7 7. Bb2 O-O 8. O-O cxd4 9. exd4 d6 10. Re1 Nbd7 11. Nf1 Qc7 12. Ng3 Rfe8 13. Rc1 Rad8 14. c4 Qb8 15. b4 Bf8 16. Ng5 g6 17. Rc2 Bg7 18. Nf3 Qa8 19. c5 bxc5 20. bxc5 dxc5 21. dxc5 Bxf3 22. gxf3 Rc8 23. Ne4 Red8 24. Qa1 e5 25. Ba3 Nh5 26. Qd1 Nf4 27. Nd6 Nf8 28. Be4 Qb8 29. Rb2 Qc7 30. Rb7 Qa5 31. Re3 N8e6 32. c6 Bf8 33. Rd7 Bxd6 34. Qxd6 Nd4 35. Qe7 Rf8 36. Rxa7 Qd2 37. Qb4 Nh3+ 38. Kg2 Nf4+ 39. Kf1 Qxa2 40. Re1 Qe6 41. Rb1 Qh3+ 42. Ke1 Nxf3+ 43. Kd1 Qf1+ 44. Kc2 Qe2+ 45. Kb3 Nd2+ 46. Ka4 Qxe4 47. Qxe4 Nxe4 48. Re1 Nc3+ 49. Kb3 Nb5 50. Ra6 Nxa3 51. Kxa3 Ra8 52. Rxa8 Rxa8+ 53. Kb3 Rc8 54. Rc1 Ne2 55. Rc5 Nd4+ 56. Ka4 Rxc6 57. Rd5 Rb6 58. Rxe5 Ra6+ 59. Kb4 Nc6+ 60. Kb5 Ra5+ 61. Kxc6 Rxe5 62. f4 Re8 63. f5 gxf5 64. h4 f4 65. h5 f3 66. h6 f2 67. Kb5 Rc8 68. Kb6 f1=Q 69. Kb7 Qc4 70. Kb6 Rb8+ 71. Ka7 Qc7+ 72. Ka6 Qb6# 0-1

[Event "FIDE WCCC Open-08 2024"]
[Site "Montesilvano"]
[Date "2024.11.24"]
[Round "9.17"]
[White "Adilbek, Adinur"]
[Black "Jia, Zining (Matthew)"]
[Result "1-0"]
[WhiteElo "1651"]
[BlackElo "1550"]
[Annotator "NA RC"]
[PlyCount "155"]
[EventDate "2024.11.18"]
[EventType "swiss"]
[EventCountry "ITA"]
[SourceTitle "playchess.com"]
[Source "ChessBase"]
[SourceQuality "1"]

1. d4 d5 2. Nf3 e6 3. g3 Nf6 4. Bg2 Be7 5. O-O Nbd7 6. c4 c6 7. Nc3 dxc4 8. a4 Nd5 9. e4 Nxc3 10. bxc3 O-O 11. Nd2 c5 12. Nxc4 cxd4 13. cxd4 Qc7 14. Qb3 b6 15. Bf4 Qd8 16. Rac1 Ba6 17. Rfd1 Bg5 18. Bxg5 Qxg5 19. f4 Qe7 20. e5 Bxc4 21. Rxc4 Rac8 22. Rdc1 Rxc4 23. Rxc4 Nb8 24. Qc3 Na6 25. Be4 f6 26. exf6 Rxf6 27. Rc8+ Rf8 28. Rxf8+ Qxf8 29. Qc4 Nb4 30. Qxe6+ Kh8 31. Bf5 Na6 32. Qc8 Qxc8 33. Bxc8 Nc7 34. Bb7 Kg8 35. Kf2 Kf7 36. Ke3 Ke6 37. Ke4 a6 38. Kd3 Kd6 39. Be4 h6 40. g4 b5 41. axb5 Nxb5 42. g5 Nc7 43. h4 Ke7 44. f5 hxg5 45. hxg5 Kd6 46. Kc4 Nb5 47. Bb7 Nc7 48. Bf3 Nb5 49. Be4 Nc7 50. Kb4 Nb5 51. d5 Nc7 52. f6 gxf6 53. gxf6 Ne6 54. Kc4 a5 55. Bf5 Nf8 56. f7 Ke5 57. Be6 Kd6 58. Kb5 Kc7 59. Kxa5 Kb7 60. Kb5 Kc7 61. Kc5 Kd8 62. Kd6 Nd7 63. Bf5 Nf8 64. Ke5 Ke7 65. Be6 Ng6+ 66. Kf5 Nf8 67. Kg5 Nd7 68. Bxd7 Kxf7 69. Be6+ Ke7 70. Kf5 Ke8 71. Ke5 Kd8 72. Kd6 Ke8 73. Kc7 Ke7 74. d6+ Kxe6 75. d7 Kd5 76. d8=Q+ Ke5 77. Qd6+ Ke4 78. Kc6 1-0

[Event "FIDE WCCC Open-08 2024"]
[Site "Montesilvano"]
[Date "2024.11.24"]
[Round "9.18"]
[White "Mankovich, Yoav"]
[Black "Huzela, Lukyan"]
[Result "0-1"]
[WhiteElo "1490"]
[BlackElo "1651"]
[Annotator "NA RC"]
[PlyCount "74"]
[EventDate "2024.11.18"]
[EventType "swiss"]
[EventCountry "ITA"]
[SourceTitle "playchess.com"]
[Source "ChessBase"]
[SourceQuality "1"]

1. e4 c5 2. Nf3 e6 3. d3 Nc6 4. g3 g6 5. d4 cxd4 6. Nxd4 Bg7 7. Nb5 d5 8. exd5 exd5 9. Qxd5 Qe7+ 10. Be2 Be6 11. Qd6 Be5 12. Qxe7+ Ngxe7 13. Be3 Bxb2 14. Nc7+ Kd7 15. Nxa8 Rxa8 16. c3 Bxa1 17. Kd2 Rd8 18. Kc2 Ke8 19. g4 Rc8 20. Bb5 Bd5 21. Rd1 Be4+ 22. Kb3 Kf8 23. Nd2 Na5+ 24. Ka3 Rxc3+ 25. Nb3 Rxe3 26. fxe3 Nxb3 27. axb3 Be5 28. Rd8+ Kg7 29. Rd7 Bxh2 30. Ka2 Nc6 31. Kb2 a6 32. Bd3 Ne5 33. Bxe4 Nxd7 34. Bxb7 a5 35. Ka3 h5 36. gxh5 gxh5 37. Ka4 Nc5+ 0-1

[Event "FIDE WCCC Open-08 2024"]
[Site "Montesilvano"]
[Date "2024.11.24"]
[Round "9.19"]
[White "Ranganathan, Aadith"]
[Black "Pera, Mikolaj"]
[Result "0-1"]
[WhiteElo "1645"]
[BlackElo "1446"]
[Annotator "NA RC"]
[PlyCount "92"]
[EventDate "2024.11.18"]
[EventType "swiss"]
[EventCountry "ITA"]
[SourceTitle "playchess.com"]
[Source "ChessBase"]
[SourceQuality "1"]

1. e4 c5 2. Nf3 d6 3. Bb5+ Bd7 4. Bxd7+ Qxd7 5. c4 Nf6 6. Nc3 g6 7. d4 cxd4 8. Nxd4 Bg7 9. f3 O-O 10. Be3 Rc8 11. Qe2 Nc6 12. O-O Nxe4 13. fxe4 Nxd4 14. Qf2 e5 15. b3 a6 16. Nd5 Rc6 17. Rab1 Re8 18. Bh6 Qe6 19. Qh4 f5 20. Bg5 Rc5 21. Bf6 Rxd5 22. Bxg7 Ra5 23. Bh6 Rxa2 24. Be3 Ne2+ 25. Kh1 f4 26. Bg1 Nc3 27. Rbe1 Rb2 28. Rf3 Rxb3 29. Rh3 Re7 30. Rc1 Ne2 31. Rxb3 Nxc1 32. Rb6 Ne2 33. c5 Rd7 34. Qh6 Qe8 35. cxd6 Nxg1 36. Kxg1 Qc8 37. Qh3 Qc5+ 38. Kf1 Qc4+ 39. Kf2 Rxd6 40. Rxd6 Qc5+ 41. Kf3 Qxd6 42. Qc8+ Kg7 43. Qxb7+ Kh6 44. Qf7 Qd3+ 45. Kg4 Qe2+ 46. Kh3 Qh5# 0-1

[Event "FIDE WCCC Open-08 2024"]
[Site "Montesilvano"]
[Date "2024.11.24"]
[Round "9.20"]
[White "Zhang, Yangming"]
[Black "Movsisyan, Samvel"]
[Result "1-0"]
[WhiteElo "1770"]
[BlackElo "1604"]
[Annotator "NA RC"]
[PlyCount "69"]
[EventDate "2024.11.18"]
[EventType "swiss"]
[EventCountry "ITA"]
[SourceTitle "playchess.com"]
[Source "ChessBase"]
[SourceQuality "1"]

1. e4 c5 2. Nf3 Nc6 3. d4 cxd4 4. Nxd4 Nf6 5. Nc3 e5 6. Ndb5 Bb4 7. Nd6+ Ke7 8. Nf5+ Kf8 9. Nd6 Qc7 10. Ndb5 Qa5 11. Qd3 a6 12. Nd6 Nd4 13. Nc4 Qc7 14. a3 Bc5 15. Bg5 b5 16. Ne3 Qa5 17. Be2 Nxe2 18. Kxe2 Be7 19. Rhd1 Qd8 20. Nf5 a5 21. Nd5 Nxd5 22. Qxd5 Bxg5 23. Nd6 Qe7 24. Qxa8 g6 25. Qxc8+ Kg7 26. Qc3 b4 27. axb4 axb4 28. Qxb4 Qf6 29. Rd3 Rf8 30. c4 Qf4 31. Rf3 Qxh2 32. Ra7 Qh4 33. Rxd7 Qg4 34. Qb7 Qxg2 35. Rfxf7+ 1-0

[Event "FIDE WCCC Open-08 2024"]
[Site "Montesilvano"]
[Date "2024.11.24"]
[Round "9.21"]
[White "Wang, Yihan(Ah)"]
[Black "Mohamed Fouad, Yahia"]
[Result "1-0"]
[WhiteElo "1630"]
[BlackElo "1705"]
[Annotator "NA RC"]
[PlyCount "121"]
[EventDate "2024.11.18"]
[EventType "swiss"]
[EventCountry "ITA"]
[SourceTitle "playchess.com"]
[Source "ChessBase"]
[SourceQuality "1"]

1. e4 c6 2. d4 d5 3. Nc3 dxe4 4. Nxe4 Nf6 5. Nxf6+ exf6 6. c3 Bd6 7. Bd3 O-O 8. Ne2 Re8 9. O-O Nd7 10. Be3 Nf8 11. c4 Ng6 12. Nc3 Qc7 13. h3 Bf4 14. Qf3 Bxe3 15. fxe3 Qe7 16. Rfe1 Bd7 17. Ne4 b6 18. Ng3 Qd6 19. Bxg6 hxg6 20. Rad1 Qb4 21. b3 Qa5 22. Re2 Rad8 23. e4 f5 24. e5 Qb4 25. Red2 Qa5 26. d5 Qc5+ 27. Kh2 cxd5 28. Rxd5 Qe7 29. Qd3 f4 30. Ne4 f3 31. Rxd7 Rxd7 32. Qxd7 Qxe5+ 33. Ng3 f2 34. Rf1 Qe1 35. Rxf2 Qxf2 36. Qxe8+ Kh7 37. Qe2 Qf4 38. Qd3 Qf2 39. Qe2 Qf4 40. Qe7 Kh6 41. Qe4 Qf6 42. Qf3 Qe7 43. Qf4+ Kh7 44. Qe4 Qf6 45. Qb7 a5 46. Qa6 Kh6 47. c5 bxc5 48. Qxf6 gxf6 49. Ne4 f5 50. Nxc5 f4 51. Nb7 a4 52. bxa4 f3 53. gxf3 Kg5 54. a5 f5 55. a6 Kf4 56. a7 Kxf3 57. a8=Q Kf2 58. Qe8 f4 59. Nc5 f3 60. Nd3+ Kf1 61. Qe1# 1-0

[Event "FIDE WCCC Open-08 2024"]
[Site "Montesilvano"]
[Date "2024.11.24"]
[Round "9.22"]
[White "Sahin, Bora"]
[Black "Kalinin, Bogdan"]
[Result "1-0"]
[WhiteElo "1703"]
[BlackElo "1548"]
[Annotator "NA RC"]
[PlyCount "79"]
[EventDate "2024.11.18"]
[EventType "swiss"]
[EventCountry "ITA"]
[SourceTitle "playchess.com"]
[Source "ChessBase"]
[SourceQuality "1"]

1. e4 c5 2. Nc3 Nc6 3. Bb5 e6 4. Bxc6 bxc6 5. d3 Ne7 6. f4 d5 7. Nf3 Ng6 8. O-O Be7 9. Kh1 O-O 10. Qe1 f5 11. e5 h6 12. Rb1 Ba6 13. b3 c4 14. dxc4 dxc4 15. b4 Rb8 16. a3 c5 17. b5 Bb7 18. a4 Nh4 19. Be3 Bxf3 20. gxf3 Qc7 21. Qe2 Kh7 22. Rf2 Rg8 23. Qxc4 Qc8 24. Rd1 g5 25. fxg5 hxg5 26. h3 Rg6 27. a5 Qc7 28. Na4 Kh8 29. b6 axb6 30. Nxb6 Rxb6 31. axb6 Qxb6 32. Rd7 Rg7 33. Rxe7 Rxe7 34. Bxg5 Rd7 35. Qxh4+ Kg8 36. Bf6 Rg7 37. Bxg7 Kxg7 38. Rg2+ Kf8 39. Qh8+ Ke7 40. Rg7# 1-0

[Event "FIDE WCCC Open-08 2024"]
[Site "Montesilvano"]
[Date "2024.11.24"]
[Round "9.23"]
[White "Le Doan, Minh Thuc"]
[Black "Agar, Garig"]
[Result "0-1"]
[WhiteElo "1677"]
[BlackElo "1534"]
[Annotator "NA RC"]
[PlyCount "42"]
[EventDate "2024.11.18"]
[EventType "swiss"]
[EventCountry "ITA"]
[SourceTitle "playchess.com"]
[Source "ChessBase"]
[SourceQuality "1"]

1. e4 e5 2. Nf3 Nc6 3. d4 exd4 4. Bc4 Nf6 5. O-O Nxe4 6. Re1 d5 7. Bxd5 Qxd5 8. Nc3 Qd8 9. Nxe4 Be7 10. Bf4 O-O 11. h3 Bf5 12. Ng3 Bg6 13. a3 Bf6 14. Ne4 Be7 15. Qd2 Re8 16. Rad1 Bf8 17. Ng3 Qd7 18. Rxe8 Rxe8 19. Nxd4 Nxd4 20. Qxd4 Re1+ 21. Rxe1 Qxd4 0-1

[Event "FIDE WCCC Open-08 2024"]
[Site "Montesilvano"]
[Date "2024.11.24"]
[Round "9.27"]
[White "Le, Khai"]
[Black "Nguyen Thanh San"]
[Result "1-0"]
[WhiteElo "1808"]
[BlackElo "1493"]
[Annotator "NA RC"]
[PlyCount "103"]
[EventDate "2024.11.18"]
[EventType "swiss"]
[EventCountry "ITA"]
[SourceTitle "playchess.com"]
[Source "ChessBase"]
[SourceQuality "1"]

1. d4 Nf6 2. c4 e6 3. Nf3 b6 4. g3 Bb7 5. Bg2 Be7 6. O-O O-O 7. Nc3 Ne4 8. Qc2 f5 9. Ne1 d5 10. cxd5 Nxc3 11. Qxc3 exd5 12. Nd3 Nd7 13. Nf4 Kf7 14. Qe3 Re8 15. Qe6+ Kf8 16. Qxf5+ Kg8 17. Nxd5 Kh8 18. Bf4 Rf8 19. Qh3 Bxd5 20. Bxd5 Rb8 21. Rac1 Bd6 22. Be4 Nf6 23. Bg5 h6 24. Bd3 b5 25. Bf5 Qe8 26. Bxf6 Rxf6 27. e4 Qf8 28. Bd7 Bb4 29. Rxc7 Qf7 30. a3 Bd2 31. e5 Rxf2 32. Rxf2 Be3 33. Rcc2 Rf8 34. Qf5 Qe7 35. Rc8 Rxc8 36. Bxc8 Bxd4 37. Kg2 Bxf2 38. Qxf2 Qxe5 39. Qf8+ Kh7 40. Qf5+ Qxf5 41. Bxf5+ g6 42. Bd7 a6 43. b4 Kg7 44. Bc8 Kf6 45. Bxa6 Ke5 46. Bxb5 Kd4 47. a4 Kc3 48. a5 Kxb4 49. a6 Kxb5 50. a7 g5 51. a8=Q h5 52. Qc8 1-0

[Event "FIDE WCCC Open-08 2024"]
[Site "Montesilvano"]
[Date "2024.11.24"]
[Round "9.28"]
[White "Borkowski, Jan"]
[Black "Mudriievskyi, Jan"]
[Result "1/2-1/2"]
[WhiteElo "1481"]
[BlackElo "1682"]
[Annotator "NA RC"]
[PlyCount "143"]
[EventDate "2024.11.18"]
[EventType "swiss"]
[EventCountry "ITA"]
[SourceTitle "playchess.com"]
[Source "ChessBase"]
[SourceQuality "1"]

1. d4 d5 2. c4 e6 3. Nc3 Nf6 4. Bg5 Nbd7 5. e3 c6 6. Nf3 Qa5 7. cxd5 Nxd5 8. Qd2 Bb4 9. Rc1 O-O 10. a3 Bxc3 11. bxc3 Re8 12. e4 N5f6 13. e5 Ne4 14. Qe3 Nxg5 15. Nxg5 h6 16. Ne4 Qxa3 17. Bd3 Rd8 18. O-O Qe7 19. Nd6 f6 20. f4 a5 21. Rf3 a4 22. Bb1 f5 23. Rh3 b5 24. Kh1 Nb6 25. Ba2 Kh8 26. Qf3 Rxd6 27. exd6 Qxd6 28. Qf2 Nd5 29. Rf3 Nf6 30. h3 Ne4 31. Qe3 Qa3 32. Bb1 Nf6 33. Qd2 Qd6 34. Re1 c5 35. Re5 Nd5 36. dxc5 Qxc5 37. Bxf5 a3 38. Bb1 b4 39. Qc2 Kg8 40. c4 Qc7 41. Qh7+ Kf8 42. cxd5 Qc1+ 43. Kh2 a2 44. Bxa2 Rxa2 45. Rg3 Qxf4 46. Qxg7+ Ke8 47. Qg8+ Ke7 48. Rxe6+ Bxe6 49. Qxe6+ Kd8 50. Qb6+ Ke8 51. Qe6+ Kf8 52. Qc8+ Ke7 53. Qb7+ Kd8 54. Qb6+ Ke7 55. Qe6+ Kf8 56. Qc8+ Ke7 57. Qb7+ Kd8 58. Qb6+ Ke7 59. Qe6+ Kf8 60. Qc8+ Ke7 61. Qb7+ Kd8 62. Qb6+ Ke7 63. Qe6+ Kf8 64. Qc8+ Ke7 65. Qb7+ Kd8 66. Qb6+ Ke7 67. Qe6+ Kf8 68. Qc8+ Ke7 69. Qb7+ Kd8 70. Qb6+ Ke7 71. Qe6+ Kf8 72. Qc8+ 1/2-1/2

[Event "FIDE WCCC Open-08 2024"]
[Site "Montesilvano"]
[Date "2024.11.24"]
[Round "9.29"]
[White "Petrenko, Tymofii"]
[Black "Melkonyan, Mark"]
[Result "0-1"]
[WhiteElo "1678"]
[BlackElo "1445"]
[Annotator "NA RC"]
[PlyCount "150"]
[EventDate "2024.11.18"]
[EventType "swiss"]
[EventCountry "ITA"]
[SourceTitle "playchess.com"]
[Source "ChessBase"]
[SourceQuality "1"]

1. e4 e6 2. d4 d5 3. e5 c5 4. c3 Nc6 5. Nf3 Nge7 6. a3 Bd7 7. b4 cxd4 8. cxd4 b5 9. Bd3 Nf5 10. Bxf5 exf5 11. Nc3 a5 12. bxa5 Qxa5 13. Bd2 b4 14. Ne2 Qa4 15. Nf4 Qxd1+ 16. Rxd1 Be6 17. axb4 Nxb4 18. O-O Be7 19. Bxb4 Bxb4 20. Ng5 Kd7 21. h4 h6 22. Nf3 Rhc8 23. Rb1 Rab8 24. Rb3 Ba5 25. Rfb1 Rxb3 26. Rxb3 Rc2 27. Rb5 Bc7 28. Nxd5 Bxd5 29. Rxd5+ Kc6 30. Ne1 Rc1 31. Rc5+ Rxc5 32. dxc5 Bxe5 33. Nd3 Bd4 34. Kf1 Kd5 35. Ke2 Bxc5 36. Kf3 g6 37. g4 fxg4+ 38. Kxg4 f5+ 39. Kf3 Bd6 40. Ke3 Ke6 41. Kf3 Kf6 42. Nb2 Be5 43. Nc4 Ke6 44. Ke3 h5 45. Nd2 Kd5 46. Kd3 Bd4 47. f4 Bf2 48. Nf3 Ke6 49. Ke2 Bg3 50. Ke3 Kf6 51. Ne5 Bxh4 52. Nd3 Ke6 53. Ne5 g5 54. Ng6 Kf6 55. Nxh4 gxh4 56. Kf3 Ke6 57. Kg2 Kd5 58. Kh3 Ke4 59. Kxh4 Kxf4 60. Kxh5 Kg3 61. Kg5 f4 62. Kf5 f3 63. Ke4 f2 64. Ke3 f1=Q 65. Kd4 Qc1 66. Kd3 Qc5 67. Ke4 Qd6 68. Kf5 Qe7 69. Kg6 Qe5 70. Kf7 Qd6 71. Kg7 Kg4 72. Kf7 Kg5 73. Kg7 Qe7+ 74. Kg8 Kh6 75. Kh8 Qf8# 0-1

[Event "FIDE WCCC Open-08 2024"]
[Site "Montesilvano"]
[Date "2024.11.24"]
[Round "9.30"]
[White "Szumiec, Jan"]
[Black "Reclik, Jakub"]
[Result "1-0"]
[WhiteElo "1678"]
[BlackElo "1458"]
[Annotator "NA RC"]
[PlyCount "141"]
[EventDate "2024.11.18"]
[EventType "swiss"]
[EventCountry "ITA"]
[SourceTitle "playchess.com"]
[Source "ChessBase"]
[SourceQuality "1"]

1. d4 Nf6 2. c4 g6 3. g3 Bg7 4. Bg2 O-O 5. Nf3 c5 6. e3 cxd4 7. exd4 d5 8. c5 Nc6 9. O-O Bf5 10. Nc3 Ne4 11. Be3 Nxc3 12. bxc3 Qa5 13. Qd2 Qa6 14. Nh4 Bd3 15. Rfd1 Bc4 16. Bh6 Rfe8 17. Nf5 Bf6 18. Ne3 Bg7 19. Bxg7 Kxg7 20. Bxd5 Bxd5 21. Nxd5 Rac8 22. Re1 Qc4 23. Ne3 Qa6 24. Ng4 f5 25. Ne3 e5 26. Nc2 e4 27. Nb4 Qc4 28. Nxc6 Rxc6 29. f3 Rc7 30. Rac1 Rce7 31. Qe2 Qxe2 32. Rxe2 exf3 33. Rxe7+ Rxe7 34. Rb1 Rd7 35. Kf2 Kf6 36. Kxf3 h6 37. a4 Ke6 38. Ke3 Kd5 39. Kd3 Kc6 40. Re1 Rg7 41. Re6+ Kc7 42. d5 h5 43. c4 g5 44. Rf6 h4 45. Rxf5 hxg3 46. hxg3 g4 47. Rf4 Kd7 48. Kd4 Ke7 49. a5 Kd7 50. Re4 Kc7 51. d6+ Kd7 52. Kd5 a6 53. Re7+ Rxe7 54. dxe7 Kxe7 55. c6 bxc6+ 56. Kxc6 Ke6 57. Kb6 Kd6 58. c5+ Kd7 59. Kb7 Ke6 60. c6 Ke5 61. c7 Ke4 62. c8=Q Kf3 63. Qc7 Kf2 64. Kxa6 Kf3 65. Kb6 Kf2 66. a6 Kg2 67. a7 Kf3 68. a8=Q+ Kf2 69. Qe4 Kf1 70. Qc1+ Kf2 71. Qce1# 1-0

[Event "FIDE WCCC Open-08 2024"]
[Site "Montesilvano"]
[Date "2024.11.24"]
[Round "9.31"]
[White "Ok, Miro"]
[Black "Saathvik Chakravarthy Ramayana"]
[Result "1/2-1/2"]
[WhiteElo "1656"]
[BlackElo "1466"]
[Annotator "NA RC"]
[PlyCount "119"]
[EventDate "2024.11.18"]
[EventType "swiss"]
[EventCountry "ITA"]
[SourceTitle "playchess.com"]
[Source "ChessBase"]
[SourceQuality "1"]

1. e4 c5 2. Nc3 a6 3. a4 b6 4. f4 Bb7 5. Nf3 e6 6. Be2 d5 7. exd5 exd5 8. d4 Nf6 9. O-O Be7 10. Be3 O-O 11. h3 Nc6 12. Kh1 Ne4 13. Qd3 Ng3+ 14. Kg1 Nxf1 15. Rxf1 cxd4 16. Nxd4 Nxd4 17. Bxd4 Bc5 18. Bf3 Qd6 19. Kh1 Bxd4 20. Qxd4 Rad8 21. Rd1 Rd7 22. Bxd5 Rfd8 23. Qe4 Bxd5 24. Rxd5 Qe6 25. Re5 f5 26. Rxe6 fxe4 27. Nxe4 Rd4 28. b3 b5 29. Ng5 h6 30. Nf3 Rxf4 31. Rxa6 bxa4 32. bxa4 Rc8 33. a5 Rxc2 34. Ra8+ Kh7 35. a6 Ra2 36. Ne5 Rfa4 37. Kh2 Rxa6 38. Rxa6 Rxa6 39. Kg3 Ra5 40. Nf3 Kg6 41. Nh4+ Kh5 42. Nf3 g5 43. Kh2 g4 44. Ng1 Ra3 45. hxg4+ Kxg4 46. Nf3 Re3 47. Ng1 h5 48. Nh3 h4 49. Nf2+ Kh5 50. Nh1 Re2 51. Kh3 Re3+ 52. g3 hxg3 53. Nxg3+ Kg5 54. Kg2 Kg4 55. Nf1 Re2+ 56. Kg1 Kh3 57. Kh1 Rf2 58. Kg1 Rg2+ 59. Kh1 Rg1+ 60. Kxg1 1/2-1/2